Manual of philatelic judging (4th ed.1999) (Record no. 3150)

000 -LEADER
fixed length control field 00314nam a22000977a 4500
008 - FIXED-LENGTH DATA ELEMENTS--GENERAL INFORMATION
fixed length control field 201102b ||||| |||| 00| 0 eng d
100 ## - MAIN ENTRY--AUTHOR'S NAME
Author's Name American Philatelic Society
245 ## - TITLE STATEMENT
Title Manual of philatelic judging (4th ed.1999)
260 ## - PUBLICATION, DISTRIBUTION, ETC. (IMPRINT)
Name of publisher, distributor, etc. American Philatelic Society
Date of publication, distribution, etc. 1999
650 ## - TOPICAL TERM (Tag)
Topical term or geographic name Exhibitions | Judging | Bibliographies
Holdings
Withdrawn status Lost status Source of classification or shelving scheme Damaged status Koha normalized classification for sorting Not for loan Permanent Location Current Location Shelving location Date acquired Total Checkouts Full call number Barcode Date last seen Copy number Price effective from
        G3701 E962 A512   Northern Philatelic Library Northern Philatelic Library General Stacks 11/02/2020   G3701 E962 A512 1005573 11/02/2020 1 11/02/2020
        G3701 E962 A512   Northern Philatelic Library Northern Philatelic Library General Stacks 02/28/2022   G3701 E962 A512 1005805 02/28/2022 2 02/28/2022

Powered by Koha